000 00630nam a22002057a 4500
003 LK-CoMWRAF
005 20231013153721.0
008 231008b1993 |||||||| |||| 00| 0 eng d
040 _aLK-CoMWRAF
_dLK-CoMWRAF
_eLK-CoMWRAF
041 _aeng
082 _a224.507
_bFER
100 _aFernando, Ajith
245 _aSpiritual living in a secular world:
_bapplying the book of Daniel today
260 _aMumbai:
_bGospel Literature service,
_c1993
300 _a192 p. ; 21 cm.
650 _aBIBLE,DANIEL-Commentaries.
650 _aBible. Daniel--Devotional use.
650 _aBible. Daniel--Study and teaching.
942 _cBK
999 _c3810
_d3810